000 00446nam a2200157 4500
001 136591
003 ES-MaACL
005 20230906195156.0
007 t|
008 070214s1966 sp r ||||1| spa d
100 0 _aRussell, Eva MarĂ­a.
_9101041
245 1 0 _aCosechando
_b: meditaciones devocionales diarias /
_cEva M. Russell.
260 _aMadrid :
_bIrmayol,
_c1966.
300 _a389 p. ;
_c20 cm.
852 _aES-MaACL
_jC-31902
_bR.62242
999 _c136591
_d136591